Statistics for The Super Hard Harry Potter Quiz

Click here to take the quiz!

General Stats

  • This quiz has been taken 112 times
  • The average score is 7 of 20

Answer Stats

questionAnswer% Correct
Name 3 characters who died with a smile/laugh. Character num. 1:Sirius
94%
What color eyes did Dobby have?Green
74%
Character num. 2:Fred
67%
Who was the first wizard to escape Azkaban?Barty Crouch Junior
56%
Character num. 3:Bellatrix
56%
2:Determination
56%
What are the 3 Ds for apparition? 1:Destination
53%
3:Deliberation
41%
what is Lucius's father name?Abraxas
37%
What town did the Weasleys live in?Ottery St Catchpole
33%
Who claimed that he invented a broom that would reach Jupiter?Ron
32%
What is the code to get into the Ministry Of Magic through the telephone booth?62442
28%
What is the name of the only Vampire mentioned in the series?Sanguini
23%
What does the Lovegood's house look like according to Ron?Rook
22%
What pet did Dudley once have?Parrot
17%
Who was the Slytherin seeker in "the Sorcerer's stone"?Terrence Higgs
14%
How many quidditch matches did Harry play in the whole series?Nine
12%
What spell wraps bandages around wounds?Ferula
11%
Who was Dolohov's pair during the fight in the Department of Mysteries?Jugson
4%
Who is the first character to come in contact with the vanishing cabinet?Nearly Headless Nick
4%

Score Distribution

Percentile by Number Answered

Percent of People with Each Score

Your Score History

You have not taken this quiz